| 000 | 00812nam a2200229Ii 4500 | ||
|---|---|---|---|
| 003 | JO-AjNU | ||
| 008 | 230605s9999||||xx |||||||||||||| ||und|| | ||
| 017 | _a2019/5/4418 | ||
| 020 | _a978-9957-92-219-1 | ||
| 040 |
_aJO-AjNU _bara _erda _cJO-AjNU |
||
| 041 | _aara | ||
| 050 | 1 | 4 | _aDP104 2020 |
| 100 | 3 |
_aحامد، برزان ميسر, _eauthor _960220 |
|
| 245 | 0 | 0 | _aالموريسكيون |
| 250 | _aط1 | ||
| 264 | 3 | 1 | _aعمان:دار الفكر، 2020 |
| 300 |
_a261ص _bيحتوي على رسومات توضيحية ومصادر ومرجع من ص245-261ص |
||
| 336 |
_atext _btxt _2rdacontent |
||
| 337 |
_aunmediated _bn _2rdamedia |
||
| 338 |
_avolume _bnc _2rdacarrier |
||
| 650 | 4 |
_aاسبانيا- بلدان البحر المتوسط- فتح الاندلس-تاريخ الاندلس _960221 |
|
| 999 |
_aA27143 _c30711 _d30711 |
||